000 00283nam a22001217a 4500
040 _cHS
082 _a633
100 _aសួស ចំណាន
245 _aDrying and storage of grains and oilseeds
260 _aNA
_bសួស ចំណាន
_cNA
300 _a184p.
942 _cEK
999 _c8763
_d8763